| 000 | 00364nam a2200145Ia 4500 | ||
|---|---|---|---|
| 008 | 150201s2008 xx 000 0 und d | ||
| 082 |
_a617.3 _bT08K |
||
| 100 | _aKULKARNI, G.S. | ||
| 245 | _aMASTER INDEX : TB. OF ORTHOPAEDICS AND TRAUMA | ||
| 250 | _a2ND | ||
| 260 |
_bJAYPEE BROTHERS _aDELHI _c2008 |
||
| 300 | _a1-79 | ||
| 650 | _aORTHOPAEDICS | ||
| 942 |
_2ddc _cBK |
||
| 999 |
_c142 _d142 |
||